[Event "Medellin de La Raza U2000 op"]
[Site "Medellin"]
[Date "2023.10.16"]
[Round "8"]
[White "Bernal Morales, Maria Angel"]
[Black "Dulcey Buitrago, John Jairo"]
[Result "0-1"]
[WhiteElo "1217"]
[BlackElo "1287"]
[PlyCount "74"]
[EventDate "2023.10.12"]
[EventType "swiss"]
[EventRounds "9"]
[EventCountry "COL"]
[SourceTitle "Mega2024 Update 01"]
[Source "Chessbase"]
[SourceDate "2023.11.12"]
[SourceVersion "1"]
[SourceVersionDate "2023.11.12"]
[SourceQuality "1"]

1. e4 c5 2. Nf3 e6 3. d4 cxd4 4. Nxd4 Nc6 5. Nc3 Qc7 6. Bc4 a6 7. Nf3 Nf6 8. 0-0 b5 9. Bb3 Bb7 10. Bg5 Ng4 11. h3 h6 12. Bh4 Nf6 13. Bg3 e5 14. Qd3 Be7 15. Nh4 0-0 16. Qf3 Nd4 17. Qe3 Nxb3 18. cxb3 Bc5 19. Qf3 b4 20. Ne2 Bxe4 21. Bxe5 Qxe5 22. Qg3 Qxg3 23. Nxg3 Bb7 24. Nhf5 Ne4 25. Ne2 Rae8 26. Kh1 Nxf2+ 27. Rxf2 Bxf2 28. Nf4 Re1+ 29. Rxe1 Bxe1 30. Kg1 Bd2 31. Nd3 Be4 32. Ng3 Bxd3 33. a3 Rc8 34. axb4 Bxb4 35. Kf2 Bc5+ 36. Ke1 Be3 37. Kd1 Rc1# 0-1

[Event "COL-ch U18"]
[Site "Bogota"]
[Date "2023.05.13"]
[Round "4"]
[White "Dulcey Buitrago, John Jairo"]
[Black "Sarmiento, Juan Diego"]
[Result "0-1"]
[WhiteElo "1586"]
[BlackElo "1489"]
[PlyCount "44"]
[EventDate "2023.05.11"]
[EventType "swiss"]
[EventRounds "7"]
[EventCountry "COL"]
[SourceTitle "CBM 214 Extra"]
[Source "ChessBase"]
[SourceDate "2023.07.31"]
[SourceVersion "1"]
[SourceVersionDate "2023.07.31"]
[SourceQuality "1"]

1. d4 Nf6 2. c4 e6 3. Nc3 Bb4 4. Qc2 d5 5. a3 Bxc3+ 6. Qxc3 Ne4 7. Qd3 c5 8. f3 Qh4+ 9. g3 Nxg3 10. hxg3 Qxh1 11. Be3 cxd4 12. Qxd4 0-0 13. cxd5 exd5 14. Qxd5 Nc6 15. 0-0-0 Be6 16. Qb5 Qh2 17. Qg5 h6 18. Qh4 Qxh4 19. gxh4 Rfd8 20. Bd2 Nd4 21. Be3 Nb3+ 22. Kc2 Rac8+ 0-1

[Event "Bucaramanga Santander-ch"]
[Site "Bucaramanga"]
[Date "2023.04.01"]
[Round "5"]
[White "Dulcey Buitrago, John Jairo"]
[Black "Gelvez Sandoval, Jhoan Emmanuel"]
[Result "1-0"]
[WhiteElo "1600"]
[BlackElo "1250"]
[PlyCount "48"]
[EventDate "2023.03.31"]
[EventType "swiss"]
[EventRounds "7"]
[EventCountry "COL"]
[SourceTitle "CBM 213 Extra"]
[Source "ChessBase"]
[SourceDate "2023.05.31"]
[SourceVersion "1"]
[SourceVersionDate "2023.05.31"]
[SourceQuality "1"]

1. d4 d5 2. c4 c6 3. cxd5 cxd5 4. Nc3 Nf6 5. Bf4 Nc6 6. e3 Bf5 7. Nf3 e6 8. Ne5 Nxe5 9. dxe5 Ne4 10. Nxe4 Bxe4 11. Bb5+ Ke7 12. Qa4 f6 13. exf6+ gxf6 14. f3 Bg6 15. 0-0 Rc8 16. Rad1 a6 17. Be2 Bc2 18. Qb4+ Kf7 19. Qxb7+ Rc7 20. Bxc7 Qd7 21. Rc1 Ba4 22. Qxa6 Bd6 23. b3 Bc6 24. Qxc6 Qe7 1-0